[Event "GBR-ch Online"]
[Site "Chess.com INT"]
[Date "2021.07.30"]
[Round "1"]
[White "McKay, Jonathan"]
[Black "Dargan, Paul AG"]
[Result "0-1"]
[WhiteElo "1620"]
[BlackElo "2064"]
[PlyCount "164"]
[EventDate "2021.07.30"]
[EventType "swiss"]
[EventRounds "9"]
[EventCountry "ENG"]
[SourceTitle "CBM 203 Extra"]
[Source "ChessBase"]
[SourceDate "2021.09.30"]
[SourceVersion "1"]
[SourceVersionDate "2021.09.30"]
[SourceQuality "1"]

1. e4 c5 2. Nf3 Nc6 3. Bb5 g6 4. 0-0 Bg7 5. Re1 Nf6 6. e5 Nd5 7. Nc3 Nc7 8. Bxc6 dxc6 9. Ne4 Ne6 10. d3 0-0 11. Be3 b6 12. Qd2 Nd4 13. Nxd4 cxd4 14. Bh6 Bf5 15. Qg5 Qd7 16. Ng3 f6 17. exf6 exf6 18. Qf4 Be6 19. Bxg7 Kxg7 20. Re2 c5 21. Rae1 Rae8 22. Ne4 Bd5 23. Qd6 Qxd6 24. Nxd6 Rxe2 25. Rxe2 Rd8 26. Nb5 Rd7 27. a4 Kf7 28. f3 Bc6 29. b3 a6 30. Na3 b5 31. a5 Bd5 32. Kf2 Rc7 33. h4 h6 34. g3 Rd7 35. Nb1 Rc7 36. Nd2 Re7 37. Ne4 Bxe4 38. fxe4 b4 39. Kf3 Re5 40. Rd2 Ke6 41. g4 h5 42. Rg2 Kf7 43. Kf4 hxg4 44. Rxg4 Rh5 45. Kg3 Rh8 46. Rf4 Ke6 47. Rg4 Rh6 48. Rf4 Rh8 49. Rg4 Kf7 50. Rf4 Re8 51. Rg4 Rb8 52. Kf4 Rb5 53. e5 fxe5+ 54. Kxe5 Rxa5 55. Kd6 Rb5 56. Rg5 Kf6 57. Kc6 Rb8 58. Kxc5 Rc8+ 59. Kxd4 Rxc2 60. Ra5 Rh2 61. Rxa6+ Kf5 62. Ra5+ Kf4 63. Kc4 Rxh4 64. d4 g5 65. d5 g4 66. d6 g3 67. d7 Rh8 68. Rd5 Rd8 69. Rd6 g2 70. Rg6 Kf3 71. Kxb4 Rxd7 72. Kc5 Rd1 73. b4 g1Q+ 74. Rxg1 Rxg1 75. b5 Ke4 76. Kc6 Rc1+ 77. Kb7 Kd5 78. b6 Kd6 79. Kb8 Kc6 80. b7 Kb6 81. Ka8 Ra1+ 82. Kb8 Ra7 0-1

[Event "EU-ch Online U18"]
[Site "Tornelo INT"]
[Date "2020.09.20"]
[Round "9"]
[White "Vantorre, Nils"]
[Black "McKay, Jonathan"]
[Result "0-1"]
[WhiteElo "1652"]
[BlackElo "1620"]
[PlyCount "50"]
[EventDate "2020.09.18"]
[EventType "swiss (rapid)"]
[EventRounds "9"]
[EventCountry "ENG"]
[SourceTitle "CBM 198 Extra"]
[Source "ChessBase"]
[SourceDate "2020.11.30"]
[SourceVersion "1"]
[SourceVersionDate "2020.11.30"]
[SourceQuality "1"]

1. e4 e5 2. Nf3 Nc6 3. d4 exd4 4. Nxd4 Nf6 5. Nxc6 bxc6 6. e5 Qe7 7. Qe2 Nd5 8. c4 Nb6 9. b3 g6 10. Bb2 Bg7 11. Nd2 0-0 12. 0-0-0 Re8 13. f4 d6 14. Qf2 dxe5 15. Re1 Be6 16. fxe5 Rad8 17. Kb1 Bf5+ 18. Ka1 Qb4 19. Nf3 Bg4 20. Be2 Bxf3 21. Bxf3 Rd2 22. Qh4 Na4 23. Rb1 Rxb2 24. Rxb2 Bxe5 25. Bxc6 Qa3 0-1

[Event "EU-ch Online U18"]
[Site "Tornelo INT"]
[Date "2020.09.19"]
[Round "4"]
[White "Coates, Sam"]
[Black "McKay, Jonathan"]
[Result "0-1"]
[WhiteElo "1589"]
[BlackElo "1620"]
[PlyCount "174"]
[EventDate "2020.09.18"]
[EventType "swiss (rapid)"]
[EventRounds "9"]
[EventCountry "ENG"]
[SourceTitle "CBM 198 Extra"]
[Source "ChessBase"]
[SourceDate "2020.11.30"]
[SourceVersion "1"]
[SourceVersionDate "2020.11.30"]
[SourceQuality "1"]

1. e4 e5 2. Nf3 Nc6 3. Bb5 a6 4. Ba4 Nf6 5. d3 d6 6. c3 Be7 7. 0-0 0-0 8. Re1 b5 9. Bc2 h6 10. Nbd2 Re8 11. Nf1 Bf8 12. Ng3 d5 13. exd5 Qxd5 14. h3 Bb7 15. Qe2 Rad8 16. Be3 g6 17. Qf1 Bg7 18. Nd2 Ne7 19. Nde4 Nxe4 20. dxe4 Qe6 21. Bb3 Qc8 22. a4 Bc6 23. h4 Bd7 24. h5 Be6 25. Bxe6 Qxe6 26. axb5 axb5 27. Ra7 c6 28. Rd1 Nc8 29. Rc7 Qb3 30. Rxd8 Rxd8 31. Kh2 Nd6 32. Rxc6 Nc4 33. Bb6 Rd1 34. Qe2 Rd2 35. Qf3 Nxb6 36. Rxb6 Rxb2 37. hxg6 fxg6 38. Rxg6 Qf7 39. Qg4 Kf8 40. Nh5 Bh8 41. Qc8+ Ke7 42. Qc7+ Kf8 43. Qd8+ Qe8 44. Qxe8+ Kxe8 45. Rg8+ Kf7 46. Rxh8 Kg6 47. Ng3 b4 48. cxb4 Rxb4 49. Re8 Rb5 50. Nf5 Kg5 51. Kg3 h5 52. Rg8+ Kf6 53. Kh4 Rb2 54. f3 Rb1 55. Kxh5 Rh1+ 56. Kg4 Rh2 57. Kg3 Rh1 58. Ra8 Rh7 59. Ra6+ Kg5 60. Ne3 Rf7 61. Ng4 Re7 62. Ra5 Kg6 63. Nxe5+ Kf6 64. Ng4+ Kg7 65. Kf4 Rf7+ 66. Rf5 Rb7 67. g3 Rb2 68. Ra5 Rb4 69. Ra6 Rb7 70. Ne5 Re7 71. Kf5 Re8 72. f4 Rf8+ 73. Kg5 Rc8 74. Ra7+ Kg8 75. f5 Re8 76. Kf4 Rc8 77. g4 Rc1 78. Ng6 Rf1+ 79. Kg5 Rxf5+ 80. Kh4 Rh5+ 81. Kg3 Rh3+ 82. Kf4 Rf3+ 83. Ke5 Rf5+ 84. Kd4 Rd5+ 85. Kc4 Rd4+ 86. Kb5 Rb4+ 87. Ka6 Rb6+ 0-1

[Event "EU-ch Online U18"]
[Site "Tornelo INT"]
[Date "2020.09.19"]
[Round "5"]
[White "McKay, Jonathan"]
[Black "Malfliet, Alexander"]
[Result "0-1"]
[WhiteElo "1620"]
[BlackElo "1610"]
[PlyCount "84"]
[EventDate "2020.09.18"]
[EventType "swiss (rapid)"]
[EventRounds "9"]
[EventCountry "ENG"]
[SourceTitle "CBM 198 Extra"]
[Source "ChessBase"]
[SourceDate "2020.11.30"]
[SourceVersion "1"]
[SourceVersionDate "2020.11.30"]
[SourceQuality "1"]

1. d4 Nf6 2. c4 d6 3. Nc3 g6 4. e4 Nbd7 5. f4 e5 6. fxe5 dxe5 7. dxe5 Nxe5 8. Qxd8+ Kxd8 9. Bg5 Be7 10. 0-0-0+ Bd7 11. Nf3 Neg4 12. e5 Nh5 13. Bxe7+ Kxe7 14. Nd5+ Kd8 15. Ng5 Nxe5 16. Re1 h6 17. Ne4 Re8 18. Nc5 Bc6 19. Rd1 Kc8 20. g3 b6 21. Bh3+ Kb8 22. Na6+ Kb7 23. Naxc7 Bxd5 24. Nxd5 Rad8 25. Bg2 Kb8 26. b3 Ng4 27. Rhe1 Nhf6 28. h3 Nxd5 29. Bxd5 Ne3 30. Rd3 Nxd5 31. Rxe8 Rxe8 32. Rxd5 Re3 33. Rd8+ Kc7 34. Rf8 Rxg3 35. Rxf7+ Kb8 36. Rg7 g5 37. Rg8+ Kb7 38. Rg7+ Ka6 39. h4 gxh4 40. Rf7 h3 41. Rf2 Rg2 42. Rf1 h2 0-1

[Event "Glorney Cup"]
[Site "Dublin"]
[Date "2019.07.24"]
[Round "5"]
[White "Scallan, Fiachra"]
[Black "McKay, Jonathan"]
[Result "1/2-1/2"]
[WhiteElo "1873"]
[BlackElo "1550"]
[PlyCount "72"]
[EventDate "2019.07.22"]
[EventType "team-tourn"]
[EventRounds "5"]
[EventCountry "IRL"]
[SourceTitle "CBM 191 Extra"]
[Source "ChessBase"]
[SourceDate "2019.09.30"]
[SourceVersion "1"]
[SourceVersionDate "2019.09.30"]
[SourceQuality "1"]
[WhiteTeam "Ireland"]
[BlackTeam "Scotland"]
[WhiteTeamCountry "IRL"]
[BlackTeamCountry "SCO"]

1. b3 e5 2. Bb2 Nc6 3. e3 d5 4. Bb5 Bd6 5. f4 Qe7 6. fxe5 Bxe5 7. Bxe5 Qxe5 8. Nc3 Nf6 9. Nf3 Qh5 10. 0-0 Bd7 11. Qe1 0-0-0 12. Qg3 Kb8 13. Bxc6 Bxc6 14. Ne5 Rd6 15. d4 Re8 16. Qxg7 Rg8 17. Qxf7 Qg5 18. Nxc6+ Rxc6 19. Rf2 Qxe3 20. Nxd5 Qxd4 21. Nxf6 Qxa1+ 22. Rf1 Qd4+ 23. Kh1 Rd8 24. Nxh7 Rxc2 25. h3 Rxa2 26. Qe7 b6 27. Rc1 Rd7 28. Qe8+ Kb7 29. Nf6 Rg7 30. Qc6+ Ka6 31. Nd5 Qd2 32. Qc4+ Kb7 33. Qc6+ Ka6 34. Qc4+ Kb7 35. Qc6+ Ka6 36. Qc4+ b5 1/2-1/2

[Event "Glorney Cup"]
[Site "Dublin"]
[Date "2019.07.22"]
[Round "2"]
[White "McKay, Jonathan"]
[Black "Turner, Max N"]
[Result "0-1"]
[WhiteElo "1550"]
[BlackElo "2026"]
[PlyCount "74"]
[EventDate "2019.07.22"]
[EventType "team-tourn"]
[EventRounds "5"]
[EventCountry "IRL"]
[SourceTitle "CBM 191 Extra"]
[Source "ChessBase"]
[SourceDate "2019.09.30"]
[SourceVersion "1"]
[SourceVersionDate "2019.09.30"]
[SourceQuality "1"]
[WhiteTeam "Scotland"]
[BlackTeam "England"]
[WhiteTeamCountry "SCO"]
[BlackTeamCountry "ENG"]

1. d4 d5 2. c4 e6 3. Nc3 Nf6 4. cxd5 exd5 5. Bg5 Be7 6. e3 c6 7. Bd3 Nbd7 8. Qc2 0-0 9. Nf3 Re8 10. 0-0 h6 11. Bh4 Ne4 12. Bxe7 Qxe7 13. Rab1 a5 14. Rfc1 Ng5 15. Nd2 Nf6 16. a3 Qd6 17. b4 axb4 18. axb4 Bd7 19. Na4 Nge4 20. Nf1 b5 21. Nb6 Ra6 22. Nxd7 Qxd7 23. Nd2 Nd6 24. Nb3 Qe7 25. Ra1 Rxa1 26. Rxa1 Nc4 27. Bxc4 dxc4 28. Nc5 Qd6 29. h3 Nd7 30. Ra7 Nxc5 31. dxc5 Qd5 32. Qc3 Rd8 33. Rc7 Qd3 34. Qe1 c3 35. Ra7 c2 36. Ra1 Qd1 37. Kf1 Qxa1 0-1

[Event "SCO-ch 126th"]
[Site "Edinburgh"]
[Date "2019.07.07"]
[Round "2"]
[White "Fowler, Hugo"]
[Black "McKay, Jonathan"]
[Result "1-0"]
[WhiteElo "1794"]
[BlackElo "1550"]
[PlyCount "83"]
[EventDate "2019.07.06"]
[EventType "swiss"]
[EventRounds "9"]
[EventCountry "SCO"]
[SourceTitle "EXT 2021"]
[Source "ChessBase"]
[SourceDate "2020.10.23"]
[SourceVersion "1"]
[SourceVersionDate "2020.10.23"]
[SourceQuality "1"]

1. e4 e5 2. Nf3 Nf6 3. Nxe5 d6 4. Nf3 Nxe4 5. d4 d5 6. Bd3 Nc6 7. 0-0 Be7 8. Re1 Bg4 9. c3 f5 10. Qb3 Bxf3 11. gxf3 Nf6 12. Qxb7 Na5 13. Qa6 c6 14. b4 Nc4 15. Bxc4 dxc4 16. Qxc6+ Kf7 17. Qxc4+ Qd5 18. Qxd5+ Nxd5 19. Re5 Rhd8 20. Rxf5+ Bf6 21. Bg5 Kg6 22. Bxf6 gxf6 23. Rxd5 Rxd5 24. Nd2 a5 25. Nc4 Rg5+ 26. Kf1 axb4 27. cxb4 Rh5 28. Ke2 Rxh2 29. a4 Kf5 30. a5 Ke6 31. a6 Rh5 32. Nb6 Ra7 33. d5+ Rxd5 34. Nxd5 Kxd5 35. b5 Kc5 36. Rb1 Kb6 37. Ke3 h5 38. Kf4 Rg7 39. Kf5 Rf7 40. Ra1 Ka7 41. b6+ Ka8 42. Rd1 1-0